000 00821nam a22002177a 4500
003 UA-OsUOA
001 82674
007 ta
008 20120315b un ||||| |||| 00| 0 ukr d
100 _aИзвольская И.В.
090 _a81
_bИ34
942 _cSA
040 _aUA-OsUOA
_brus
_cUA-OsUOA
_dUA-OsUOA
245 _aЛингводидактическая роль терминологии в развитии коммуникативной компетенции в сфере профессионального общения
300 _aС.49-55
955 _a0
041 _arus
080 _a81
773 0 _w82671
_tВопросы филологических наук
_dМ.
_d2011
_g6
650 7 _a8 Мовознавство. Художня література. Літературознавство
_2UDC
999 _c368984
_d368984